=LDR 00000nam 2200000 4500 =001 INLIS000000000033625 =005 20130612135552 =008 ***********************************ind** =035 ##$$0010-061300000033625 =041 ##$$a ind =082 ##$$a 001.42 =090 ##$$a 001.42, Coz m =100 ##$$a COZBY, Paul C =245 ##$$a Methools in behavioral research, Paul C. Cozby =260 ##$$a 2009 $b Yogyakarta =300 ##$$a xvii, 609 hlm, 23 cm =650 ##$$a Penelitian Metode =850 ##$$a NBPNMAT